000
00274nam a22001217a 4500
040
_c
HS
082
_a
630
100
_a
ឆេង លីណា
245
_a
Environment បរិស្ថាន
260
_a
RUA
_b
ឆេង លីណា
_c
2007
300
_a
34p;
942
_c
KB
999
_c
9893
_d
9893